SOVIETSKI ARCHITEKTI SNEMOVALI : VI. zjazd Zväzu architektov ZSSR

Bibliographic Details
Main Author: Nahálka, Peter, 1925-2006 (Author)
Format: Article
Language:Slovak

MARC

LEADER 00000nab a2200000uu 4500
001 vtls011497737
003 SK-MaSNL
005 20260303154844.0
008 230222|1976 xo |||||||||||||||||slo|
015 |a SNBRB 
035 |a (urnnbn)urn:nbn:sk:snk:ar-001n07 
035 |a (uuid)72a18093-49a8-4092-88ee-d42944dd877d 
035 |a urn:nbn:sk:snk-abdsxt 
040 |a SNKBUCL  |b slo  |c SNKBUCL  |e AACR2 
041 0 |a slo 
044 |a xo  |c SK 
100 1 |a Nahálka, Peter,  |d 1925-2006  |4 aut  |9 212492 
245 1 0 |a SOVIETSKI ARCHITEKTI SNEMOVALI :  |b VI. zjazd Zväzu architektov ZSSR  |c P. Nahálka 
773 0 |t Projekt  |g Roč. 18, č. 1-2 (1976), s. [52]-55 
954 |a odborná, vedecká literatúra pôvodná (slovenská)  |2 lita 
958 |a OND 
958 |a EUIPO 
958 |a article20 
999 |c 2037113  |d 2039043